| 000 | 00700cam a2200229 a 4500 | ||
|---|---|---|---|
| 001 | 000009197 | ||
| 005 | 20200929161521.0 | ||
| 008 | 770307s1977 ag 000 f spa d | ||
| 020 | _a8435007421 | ||
| 040 |
_aDO-SdBNP _dBNPHU |
||
| 082 |
_aU863.44 _bO58v |
||
| 100 | 1 |
_aOnetti, Juan Carlos, _d1909-1994 _923877 |
|
| 245 | 1 | 3 |
_aLa vida breve / _cJuan Carlos Onetti. |
| 260 |
_aBuenos Aires, Argentina : _bEdhasa, _c1977. |
||
| 300 |
_a307 p. ; _c21 cm. |
||
| 500 | _aEl primer ejemplar es la segunda reimpresión de junio de 1985. | ||
| 650 | 4 |
_aNovela uruguaya _95679 |
|
| 650 | 4 |
_aLiteratura uruguaya _ySIGLO XX _916336 |
|
| 910 | _aCatalogación derivada / LC | ||
| 910 | _aWM | ||
| 049 | _aBNGR | ||
| 999 |
_c8960 _d8960 |
||